| 000 | 00715nam a2200205 i 4500 | ||
|---|---|---|---|
| 001 | 150267 | ||
| 003 | ES-MaACL | ||
| 005 | 20251015170208.0 | ||
| 007 | t| | ||
| 008 | 071029s1936 sp ||||1| spa d | ||
| 245 | 0 | 0 |
_aVademécum _b: diagnóstico-terapéutico para estudiantes y médicos / _cpor Richard Frühwald... [et al.] ; traducido por Eduardo García del Real. |
| 260 |
_aMadrid : _bLibrería Enrique Pietro, _c1936 ( _fM. Minuesa) |
||
| 300 |
_a778 p. ; _c22 cm. |
||
| 650 | 0 | 4 |
_aDiagnóstico. _911851 |
| 700 | 1 |
_aFrühwald, Richard. _952769 |
|
| 700 | 0 |
_aGarcía del Real, Eduardo, _d1870-1946 _954523 |
|
| 852 |
_aES-MaACL _jA-4328 |
||
| 852 |
_aES-MaACL _jE-442 _bR.19399 |
||
| 999 |
_c150267 _d150267 |
||